[Event "I Torneo Chiuso"]
[Site "Maranello ITA"]
[Date "2013.06.19"]
[Round "3"]
[White "Luciani, Valerio"]
[Black "Di Paolo, Raffaele"]
[Result "1-0"]
[WhiteElo "2239"]
[BlackElo "2289"]
[PlyCount "95"]
[EventDate "2013.06.17"]

1. d4 Nf6 2. c4 g6 3. Nc3 Bg7 4. Nf3 O-O 5. g3 c5 6. d5 d6 7. Bg2 e5 8. O-O a6
9. a4 a5 10. h3 Ne8 11. e4 h6 12. Ne1 f5 13. exf5 gxf5 14. f4 e4 15. Ra3 Na6
16. Nb5 Nb4 17. Qh5 Nf6 18. Qg6 Qe8 19. Qxe8 Nxe8 20. g4 fxg4 21. Bxe4 h5 22.
Bg6 Bd7 23. f5 Be5 24. Bxh5 gxh3 25. Bg4 h2+ 26. Kh1 Nf6 27. Bh3 Ne4 28. Bf4
Bxb5 29. axb5 Bxb2 30. Re3 Rfe8 31. Kxh2 a4 32. f6 Nxf6 33. Be6+ Rxe6 34. Rg1+
Kh8 35. Rh3+ Nh7 36. dxe6 Bd4 37. Rg2 Bf6 38. Nf3 Re8 39. Ng5 Bxg5 40. Bxg5
Rxe6 41. Bc1 d5 42. cxd5 Nxd5 43. Rh5 Ndf6 44. Rxc5 Nf8 45. Bb2 Kh7 46. Rc7+
Kh6 47. Bc1+ Kh5 48. Rc5+ 1-0

[Event "I Torneo Chiuso"]
[Site "Maranello ITA"]
[Date "2013.06.19"]
[Round "3"]
[White "Viviani, Alessio"]
[Black "Vijayalakshmi, Subbaraman"]
[Result "0-1"]
[WhiteElo "2114"]
[BlackElo "2378"]
[PlyCount "64"]
[EventDate "2013.06.17"]

1. d4 Nf6 2. c4 e6 3. Nc3 Bb4 4. a3 Bxc3+ 5. bxc3 d6 6. f3 c5 7. e3 Nc6 8. Bd3
Qc7 9. Ne2 b6 10. e4 Na5 11. Qa4+ Qd7 12. Qc2 Ba6 13. e5 dxe5 14. dxe5 O-O-O
15. exf6 Qxd3 16. Qxd3 Rxd3 17. fxg7 Rg8 18. Bh6 Nxc4 19. Kf2 Nd6 20. Ng3 Rxc3
21. Rhd1 Rd3 22. Bf4 Ne8 23. Ne4 Rxg7 24. a4 f6 25. a5 Rxd1 26. Rxd1 e5 27.
axb6 axb6 28. Rb1 Bd3 29. Rxb6 Bxe4 30. Be3 Bd5 31. Bxc5 Rc7 32. Bf8 Kd7 0-1

[Event "I Torneo Chiuso"]
[Site "Maranello ITA"]
[Date "2013.06.19"]
[Round "4"]
[White "Le Ruyet, Leopold"]
[Black "Di Paolo, Raffaele"]
[Result "1/2-1/2"]
[WhiteElo "2269"]
[BlackElo "2289"]
[PlyCount "95"]
[EventDate "2013.06.17"]

1. e4 c5 2. Nf3 Nc6 3. Bb5 e6 4. O-O Nge7 5. Re1 a6 6. Bxc6 Nxc6 7. Nc3 Be7 8.
Nd5 exd5 9. exd5 O-O 10. dxc6 dxc6 11. d3 Bf6 12. Nd2 Be6 13. Ne4 c4 14. dxc4
Bxc4 15. Qf3 Be7 16. b3 Bd5 17. Bb2 f5 18. Qg3 Rf7 19. Nc3 Bf6 20. Rad1 Rd7 21.
Na4 Bxb2 22. Nxb2 Be4 23. Qc3 Rxd1 24. Rxd1 Qg5 25. f3 Bd5 26. Re1 h5 27. Qe3
Qxe3+ 28. Rxe3 Kf8 29. Nd3 b6 30. Re5 g6 31. Kf2 a5 32. a4 Rd8 33. Ke3 Bf7 34.
Ke2 h4 35. Nf4 Rd6 36. Nh3 c5 37. Ng5 c4 38. Nxf7 Kxf7 39. f4 c3 40. Kf3 Kf6
41. Re3 Rc6 42. Ke2 g5 43. fxg5+ Kxg5 44. Kd3 Kf4 45. Rf3+ Ke5 46. Re3+ Kf4 47.
Rf3+ Ke5 48. Re3+ 1/2-1/2

[Event "I Torneo Chiuso"]
[Site "Maranello ITA"]
[Date "2013.06.19"]
[Round "4"]
[White "Vijayalakshmi, Subbaraman"]
[Black "Luciani, Valerio"]
[Result "1-0"]
[WhiteElo "2378"]
[BlackElo "2239"]
[PlyCount "43"]
[EventDate "2013.06.17"]

1. d4 Nf6 2. c4 e6 3. Nc3 Bb4 4. Qc2 Nc6 5. e3 O-O 6. Bd3 d6 7. Nge2 e5 8. d5
Ne7 9. a3 Bxc3+ 10. Nxc3 g6 11. e4 Ne8 12. Bh6 Ng7 13. O-O f5 14. f4 fxe4 15.
Nxe4 Bf5 16. fxe5 dxe5 17. Bxg7 Kxg7 18. Qc3 Nxd5 19. cxd5 Qxd5 20. Nf2 c6 21.
Bxf5 Rxf5 22. Rad1 1-0

[Event "I Torneo Chiuso"]
[Site "Maranello ITA"]
[Date "2013.06.19"]
[Round "4"]
[White "Lettieri, Giuseppe"]
[Black "Viviani, Alessio"]
[Result "1-0"]
[WhiteElo "2393"]
[BlackElo "2114"]
[PlyCount "83"]
[EventDate "2013.06.17"]

1. e4 c5 2. Nf3 g6 3. d4 cxd4 4. Nxd4 Bg7 5. c4 Nc6 6. Be3 Nf6 7. Nc3 d6 8. Be2
O-O 9. O-O Bd7 10. h3 Nxd4 11. Bxd4 Bc6 12. Qd3 a5 13. b3 Nd7 14. Bxg7 Kxg7 15.
Rab1 Nc5 16. Qe3 e5 17. Rbd1 Ne6 18. Bf3 Qe7 19. Rd2 Rad8 20. Rfd1 Nd4 21. Ne2
Nxf3+ 22. Qxf3 f5 23. Nc3 b5 24. cxb5 Bb7 25. Nd5 Qh4 26. exf5 gxf5 27. Qg3+
Qxg3 28. fxg3 Kf7 29. Nb6 Ke6 30. Nc4 d5 31. Nxa5 Ba8 32. Re2 Rg8 33. Kf2 Rd7
34. Rc1 Rdg7 35. Nc6 Rxg3 36. Rxe5+ Kd6 37. Rxf5 Rxg2+ 38. Ke3 R8g3+ 39. Kf4
Rxh3 40. Rf6+ Kd7 41. Ne5+ Ke7 42. Ra6 1-0

[Event "I Torneo Chiuso"]
[Site "Maranello ITA"]
[Date "2013.06.19"]
[Round "4"]
[White "Istvanovszki, Martin"]
[Black "Sriram, Jha"]
[Result "1/2-1/2"]
[WhiteElo "2350"]
[BlackElo "2417"]
[PlyCount "23"]
[EventDate "2013.06.17"]

1. e4 c5 2. Nf3 e6 3. d4 cxd4 4. Nxd4 Nf6 5. Nc3 Nc6 6. Be2 Bb4 7. Qd3 d5 8.
Nxc6 bxc6 9. e5 Ne4 10. O-O Nxc3 11. bxc3 Be7 12. Qg3 1/2-1/2

[Event "I Torneo Chiuso"]
[Site "Maranello ITA"]
[Date "2013.06.19"]
[Round "4"]
[White "Sochacki, Wojtek"]
[Black "Petkov, Vladimir"]
[Result "0-1"]
[WhiteElo "2286"]
[BlackElo "2545"]
[PlyCount "56"]
[EventDate "2013.06.17"]

1. e4 e5 2. Nf3 Nc6 3. d4 exd4 4. Nxd4 Nf6 5. Nxc6 bxc6 6. e5 Qe7 7. Qe2 Nd5 8.
c4 Ba6 9. Nd2 Nf4 10. Qe3 Ne6 11. Bd3 Qh4 12. O-O Bc5 13. Nf3 Qh5 14. Qe2 O-O
15. h3 f6 16. Re1 Rae8 17. Qd1 fxe5 18. Rxe5 Qf7 19. Bf5 d6 20. Bxe6 Rxe6 21.
Rxe6 Qxe6 22. b3 Bc8 23. Bb2 Qg6 24. Kf1 Bf5 25. Bd4 Bc2 26. Qd2 Rxf3 27. Bxc5
dxc5 28. Qd8+ Rf8 0-1

[Event "I Torneo Chiuso"]
[Site "Maranello ITA"]
[Date "2013.06.20"]
[Round "5"]
[White "Petkov, Vladimir"]
[Black "Le Ruyet, Leopold"]
[Result "1-0"]
[WhiteElo "2545"]
[BlackElo "2269"]
[PlyCount "67"]
[EventDate "2013.06.17"]

1. Nf3 d5 2. c4 e6 3. g3 c5 4. Bg2 Nc6 5. O-O Nf6 6. d4 Be7 7. Nc3 O-O 8. cxd5
exd5 9. dxc5 Bxc5 10. a3 Ne4 11. Nxd5 Be6 12. Nc3 Nxc3 13. bxc3 Qxd1 14. Rxd1
Rad8 15. Bb2 Bb3 16. Rxd8 Rxd8 17. Nd4 Nxd4 18. cxd4 Bxd4 19. Bxd4 Rxd4 20.
Bxb7 Kf8 21. f4 Ke7 22. Kf2 Kd7 23. Rb1 Be6 24. Rb4 Rd6 25. Ra4 Rd2 26. Rxa7
Kd6 27. Bf3 Kc5 28. Ra5+ Kd4 29. Ra8 Ra2 30. a4 Kc5 31. a5 Kb5 32. Rh8 Kxa5 33.
Rxh7 g6 34. h4 1-0

[Event "I Torneo Chiuso"]
[Site "Maranello ITA"]
[Date "2013.06.20"]
[Round "5"]
[White "Sriram, Jha"]
[Black "Sochacki, Wojtek"]
[Result "1-0"]
[WhiteElo "2417"]
[BlackElo "2286"]
[PlyCount "77"]
[EventDate "2013.06.17"]

1. d4 d5 2. c4 c6 3. Nf3 Nf6 4. e3 e6 5. Nbd2 c5 6. cxd5 exd5 7. b3 Nc6 8. Bb2
Bd6 9. dxc5 Bxc5 10. Rc1 Bd6 11. Bb5 O-O 12. O-O Bd7 13. Nc4 Be7 14. Bxf6 Bxf6
15. Qxd5 a6 16. Bxc6 Bxc6 17. Qxd8 Raxd8 18. Rfd1 Rxd1+ 19. Rxd1 Rd8 20. Rxd8+
Bxd8 21. Nd4 Bd7 22. f4 f6 23. Kf2 b5 24. Nb2 Kf7 25. Nd3 Bb6 26. b4 a5 27. Nc5
Bxc5 28. bxc5 b4 29. Ke2 Be6 30. Nxe6 Kxe6 31. e4 f5 32. exf5+ Kd5 33. g4 Kxc5
34. Kd3 Kd5 35. g5 a4 36. h4 h5 37. g6 a3 38. f6 b3 39. fxg7 1-0

[Event "I Torneo Chiuso"]
[Site "Maranello ITA"]
[Date "2013.06.20"]
[Round "5"]
[White "Viviani, Alessio"]
[Black "Istvanovszki, Martin"]
[Result "1/2-1/2"]
[WhiteElo "2114"]
[BlackElo "2350"]
[PlyCount "114"]
[EventDate "2013.06.17"]

1. d4 Nf6 2. c4 c5 3. d5 b5 4. cxb5 a6 5. b6 e6 6. Nc3 Nxd5 7. Nxd5 exd5 8.
Qxd5 Nc6 9. e4 Be7 10. Bc4 O-O 11. Nf3 Rb8 12. O-O Rxb6 13. Qh5 d6 14. Rd1 Be6
15. Bd5 Nb4 16. Bxe6 fxe6 17. Qg4 Qc8 18. Bg5 Bxg5 19. Qxg5 Rf6 20. a3 Nc2 21.
Rac1 Rg6 22. Qd2 Qf8 23. Qc3 Nd4 24. Nxd4 cxd4 25. Qxd4 Qb8 26. b4 Rf6 27. Rc4
Rf8 28. Rdc1 h6 29. Rc7 e5 30. Qd5+ Kh7 31. h3 Qd8 32. Rf7 Rxf7 33. Qxf7 Qf6
34. Qa7 d5 35. exd5 Qg5 36. Rc3 Rg6 37. g3 Qd2 38. Qc5 Qe1+ 39. Kg2 Qe4+ 40.
Kh2 Rf6 41. Rc1 Qf3 42. Kg1 Qxa3 43. Qc3 Qxc3 44. Rxc3 Rd6 45. Rc5 Rb6 46. Rc6
Rxb4 47. Rxa6 Rd4 48. Rd6 g5 49. Kg2 h5 50. Kf3 g4+ 51. hxg4 hxg4+ 52. Ke3 Kg7
53. f3 gxf3 54. Kxf3 Kf7 55. g4 Kg7 56. g5 Kh7 57. g6+ Kg7 1/2-1/2

[Event "I Torneo Chiuso"]
[Site "Maranello ITA"]
[Date "2013.06.20"]
[Round "5"]
[White "Luciani, Valerio"]
[Black "Lettieri, Giuseppe"]
[Result "1/2-1/2"]
[WhiteElo "2239"]
[BlackElo "2393"]
[PlyCount "123"]
[EventDate "2013.06.17"]

1. d4 Nf6 2. Nf3 e6 3. Nbd2 c5 4. e3 Nc6 5. c3 d5 6. Bd3 Bd6 7. O-O O-O 8. dxc5
Bxc5 9. e4 a5 10. e5 Nd7 11. Nb3 Be7 12. Re1 a4 13. Nbd4 Nc5 14. Bc2 f5 15.
exf6 Bxf6 16. Be3 Qe7 17. Nxc6 bxc6 18. Bd4 Bd7 19. Ne5 Be8 20. Qg4 Nb7 21. Qh3
g6 22. Nxc6 Bxc6 23. Rxe6 Qg7 24. Rxc6 Bxd4 25. cxd4 Qxd4 26. Qe3 Qxb2 27. Rb1
Qg7 28. Qe6+ Kh8 29. Rcb6 Qd4 30. Qe3 Qxe3 31. fxe3 Na5 32. R6b4 Nc4 33. Bxa4
Nxe3 34. Bb3 Rf5 35. Rd4 Raf8 36. h3 Re5 37. Rd2 Rf4 38. a4 d4 39. Bc2 Nc4 40.
Rf2 Rxf2 41. Kxf2 Kg7 42. Rb5 Rxb5 43. axb5 Kf6 44. Bb3 Nb6 45. Kf3 Ke5 46. Bg8
h6 47. Bf7 g5 48. Bb3 Nd7 49. Bf7 Nf6 50. Ke2 Nd7 51. Bg6 Kd5 52. Be8 Nb6 53.
Kd3 Nc8 54. Bd7 Nd6 55. Ke2 Kc5 56. Kd3 Nc4 57. Be8 Ne5+ 58. Kd2 Kb6 59. Ke2
Kc5 60. Kd2 Kd5 61. Kc2 Kc5 62. Kd2 1/2-1/2

[Event "I Torneo Chiuso"]
[Site "Maranello ITA"]
[Date "2013.06.20"]
[Round "5"]
[White "Di Paolo, Raffaele"]
[Black "Vijayalakshmi, Subbaraman"]
[Result "1/2-1/2"]
[WhiteElo "2289"]
[BlackElo "2378"]
[PlyCount "87"]
[EventDate "2013.06.17"]

1. e4 e5 2. Nf3 Nc6 3. Bb5 a6 4. Ba4 Nf6 5. O-O Be7 6. Re1 b5 7. Bb3 d6 8. c3
O-O 9. h3 Nb8 10. d3 Nbd7 11. Nbd2 Bb7 12. Nf1 h6 13. Ng3 Re8 14. Nf5 Bf8 15.
Nh2 Nc5 16. Bc2 d5 17. b4 Ne6 18. Ng4 dxe4 19. dxe4 Nxg4 20. Qxg4 Kh7 21. h4 g6
22. h5 gxf5 23. exf5 Ng5 24. f6+ e4 25. Qf5+ Kh8 26. Bxg5 hxg5 27. Bb3 Re6 28.
Bxe6 fxe6 29. Qg6 Qd5 30. Rad1 Qf5 31. Rd7 Qxg6 32. hxg6 Bd6 33. g4 Be5 34. Rf7
Rd8 35. Re3 Kg8 36. Kf1 Rd3 37. Rg7+ Kh8 38. Rf7 Kg8 39. f4 gxf4 40. Rxd3 exd3
41. g5 Be4 42. Rg7+ Kf8 43. Rf7+ Kg8 44. Rg7+ 1/2-1/2

[Event "I Torneo Chiuso"]
[Site "Maranello ITA"]
[Date "2013.06.21"]
[Round "6"]
[White "Le Ruyet, Leopold"]
[Black "Vijayalakshmi, Subbaraman"]
[Result "0-1"]
[WhiteElo "2269"]
[BlackElo "2378"]
[PlyCount "114"]
[EventDate "2013.06.17"]

1. e4 e5 2. Nf3 Nc6 3. d4 exd4 4. Nxd4 Nf6 5. Nxc6 bxc6 6. e5 Qe7 7. Qe2 Nd5 8.
c4 Ba6 9. b3 g6 10. f4 Bg7 11. g3 f6 12. Bb2 fxe5 13. fxe5 O-O 14. Nd2 Nb4 15.
Kd1 Rae8 16. a3 Nd5 17. Qe4 Nb6 18. c5 Rxf1+ 19. Rxf1 Qxc5 20. Rc1 Qe7 21. Re1
Qe6 22. Kc2 Rf8 23. Bd4 Nd5 24. Kb1 Bh6 25. Red1 Rb8 26. Rc2 Bxd2 27. Rdxd2
Rxb3+ 28. Bb2 Nb6 29. Rd4 Bf1 30. Rf2 Bh3 31. g4 Nd5 32. Rf3 Bg2 33. Rxb3 Bxe4+
34. Rxe4 Nb6 35. Rf3 Nc4 36. Bc1 Qd5 37. Ref4 Nxe5 38. Rf8+ Kg7 39. Bb2 d6 40.
g5 c5 41. R8f4 Qe6 42. Rf6 Qe8 43. R6f4 Qe6 44. Rf6 Qe8 45. R6f4 Kg8 46. Re3
Qd8 47. h4 h6 48. Rf6 hxg5 49. hxg5 Kg7 50. Rh3 Qe7 51. Re3 Qd7 52. Ref3 Qc8
53. R3f4 Qd7 54. Rf3 Qe8 55. R6f4 Kg8 56. Rh3 Qb5 57. Re3 Nd3 0-1

[Event "I Torneo Chiuso"]
[Site "Maranello ITA"]
[Date "2013.06.21"]
[Round "6"]
[White "Lettieri, Giuseppe"]
[Black "Di Paolo, Raffaele"]
[Result "1-0"]
[WhiteElo "2393"]
[BlackElo "2289"]
[PlyCount "107"]
[EventDate "2013.06.17"]

1. d4 f5 2. g3 Nf6 3. Bg2 e6 4. c4 d5 5. Nf3 c6 6. O-O Bd6 7. b3 Qe7 8. Bb2 O-O
9. Qc1 b6 10. Ba3 Bb7 11. Bxd6 Qxd6 12. Nc3 Nbd7 13. Qb2 a5 14. Na4 b5 15. Nc3
Ba6 16. cxb5 cxb5 17. Rfc1 Rfc8 18. e3 Ne4 19. a3 b4 20. axb4 axb4 21. Na2 Qb6
22. Ne1 Nb8 23. f3 Nd6 24. Qd2 Nc6 25. Nc2 Rcb8 26. Rcb1 h6 27. h4 Bc8 28. Bf1
Ba6 29. Naxb4 Bxf1 30. Rxa8 Rxa8 31. Kxf1 Na5 32. Kf2 Rc8 33. Ne1 f4 34. gxf4
Nf5 35. h5 Rb8 36. Nbd3 Qd8 37. Ng2 Nc4 38. Qe1 Na3 39. Rb2 Qe8 40. Qh1 Qb5 41.
Nc5 Nc4 42. Re2 Na5 43. Ra2 Nxb3 44. Rb2 Qc4 45. Qd1 Ra8 46. Nxb3 Rb8 47. Rb1
Ra8 48. Nc1 Ra3 49. Qe2 Qa4 50. Qd2 Kh7 51. Ne2 Ra2 52. Rb2 Ra1 53. Ng3 Qe8 54.
Qc2 1-0

[Event "I Torneo Chiuso"]
[Site "Maranello ITA"]
[Date "2013.06.21"]
[Round "6"]
[White "Istvanovszki, Martin"]
[Black "Luciani, Valerio"]
[Result "1-0"]
[WhiteElo "2350"]
[BlackElo "2239"]
[PlyCount "69"]
[EventDate "2013.06.17"]

1. d4 d5 2. Nc3 e6 3. e4 Bb4 4. Bd2 dxe4 5. Qg4 Nf6 6. Qxg7 Rg8 7. Qh6 Qxd4 8.
O-O-O Rg6 9. Qh4 Rg4 10. Qh3 Qxf2 11. Be3 Qf5 12. Bb5+ c6 13. Rf1 Qe5 14. Rxf6
h5 15. Rh6 Bxc3 16. Rxh5 Bxb2+ 17. Kb1 f5 18. Qxg4 fxg4 19. Rxe5 Bxe5 20. Be2
Nd7 21. Bxg4 Nf6 22. Be2 Kf7 23. Nh3 Nd5 24. Bd2 e3 25. Be1 Bd7 26. Ng5+ Kg7
27. h4 Rf8 28. h5 Kh6 29. Ne4 Rg8 30. g4 Be8 31. g5+ Rxg5 32. Nxg5 Kxg5 33. h6
Nf4 34. Bg3 Bh8 35. Bxf4+ 1-0

[Event "I Torneo Chiuso"]
[Site "Maranello ITA"]
[Date "2013.06.21"]
[Round "6"]
[White "Sochacki, Wojtek"]
[Black "Viviani, Alessio"]
[Result "0-1"]
[WhiteElo "2286"]
[BlackElo "2114"]
[PlyCount "74"]
[EventDate "2013.06.17"]

1. e4 d6 2. d4 g6 3. Nc3 Bg7 4. g3 Nf6 5. Bg2 O-O 6. Nge2 Nbd7 7. O-O c5 8. h3
cxd4 9. Nxd4 Ne5 10. Re1 Bd7 11. Nd5 Nc6 12. Ne2 Qb8 13. Bg5 Nxd5 14. exd5 Ne5
15. Nd4 h6 16. Bc1 Qc8 17. f4 Nc4 18. Kh2 Re8 19. c3 Qc5 20. Qd3 Bxd4 21. cxd4
Qb4 22. Qe2 Rac8 23. g4 e6 24. Qf2 exd5 25. Rxe8+ Rxe8 26. Bxd5 Bc6 27. Bxc6
bxc6 28. f5 g5 29. h4 f6 30. hxg5 hxg5 31. Kg3 d5 32. Kg2 Re4 33. Qg3 Ne5 34.
Qc3 Rxg4+ 35. Kh3 Qxd4 36. Qxd4 Rxd4 37. b3 Rd1 0-1

[Event "I Torneo Chiuso"]
[Site "Maranello ITA"]
[Date "2013.06.21"]
[Round "7"]
[White "Sriram, Jha"]
[Black "Le Ruyet, Leopold"]
[Result "1-0"]
[WhiteElo "2417"]
[BlackElo "2269"]
[PlyCount "75"]
[EventDate "2013.06.17"]

1. d4 d5 2. c4 e6 3. Nc3 c5 4. cxd5 exd5 5. Nf3 Nc6 6. g3 Nf6 7. Bg2 Be7 8. O-O
O-O 9. dxc5 Bxc5 10. Na4 Be7 11. Be3 Bg4 12. Rc1 Re8 13. h3 Bf5 14. Nc5 Bxc5
15. Bxc5 Ne4 16. Nd4 Nxd4 17. Qxd4 Qd7 18. g4 Bg6 19. Rfd1 b6 20. Bb4 Rad8 21.
e3 h5 22. f3 Ng3 23. Kf2 h4 24. Bc3 f6 25. Qf4 Re6 26. Rd2 Rde8 27. Bd4 Qa4 28.
g5 fxg5 29. Qxg5 Nf5 30. f4 Nxe3 31. Bxe3 Rxe3 32. Bxd5+ Kh8 33. Rc4 Qa5 34. b4
Qa3 35. f5 Rxh3 36. fxg6 Rf8+ 37. Kg1 Rg3+ 38. Rg2 1-0

[Event "I Torneo Chiuso"]
[Site "Maranello ITA"]
[Date "2013.06.21"]
[Round "7"]
[White "Viviani, Alessio"]
[Black "Petkov, Vladimir"]
[Result "0-1"]
[WhiteElo "2114"]
[BlackElo "2545"]
[PlyCount "58"]
[EventDate "2013.06.17"]

1. d4 Nf6 2. c4 Nc6 3. Nf3 e6 4. a3 d6 5. g3 g6 6. Bg2 Bg7 7. O-O O-O 8. Nc3 a6
9. Qc2 Rb8 10. d5 Ne7 11. e4 b5 12. cxb5 exd5 13. bxa6 Bxa6 14. Re1 dxe4 15.
Nxe4 Nxe4 16. Qxe4 Nf5 17. Rb1 Rb6 18. b4 Bb7 19. Qd3 Qa8 20. Bb2 Bxb2 21. Rxb2
c5 22. Qc3 Rc8 23. bxc5 Rxb2 24. Qxb2 Bxf3 25. Bxf3 Qxf3 26. cxd6 Nxd6 27. a4
Nf5 28. Qb5 Qa8 29. Rd1 Nd4 0-1

[Event "I Torneo Chiuso"]
[Site "Maranello ITA"]
[Date "2013.06.21"]
[Round "7"]
[White "Luciani, Valerio"]
[Black "Sochacki, Wojtek"]
[Result "1-0"]
[WhiteElo "2239"]
[BlackElo "2286"]
[PlyCount "43"]
[EventDate "2013.06.17"]

1. d4 Nf6 2. c4 e6 3. Nc3 Bb4 4. a3 Bxc3+ 5. bxc3 b6 6. f3 Ba6 7. e4 Nc6 8. Bd3
Na5 9. Qe2 Qc8 10. Bg5 Ng8 11. Nh3 Qb7 12. a4 Qc6 13. d5 Qc5 14. Be3 Qe7 15.
O-O Nh6 16. Nf4 O-O 17. Nh5 Kh8 18. Bxh6 gxh6 19. e5 exd5 20. Nf6 Bxc4 21. Bxc4
Nxc4 22. Qd3 1-0

[Event "I Torneo Chiuso"]
[Site "Maranello ITA"]
[Date "2013.06.21"]
[Round "7"]
[White "Di Paolo, Raffaele"]
[Black "Istvanovszki, Martin"]
[Result "1-0"]
[WhiteElo "2289"]
[BlackElo "2350"]
[PlyCount "141"]
[EventDate "2013.06.17"]

1. e4 g6 2. d4 Bg7 3. Nc3 d6 4. Be3 a6 5. Qd2 b5 6. f3 Bb7 7. a4 bxa4 8. Nxa4
Nd7 9. Ne2 Ngf6 10. g4 Nb6 11. Nec3 h5 12. g5 Nfd7 13. h4 O-O 14. Bd3 Qc8 15.
Qf2 a5 16. f4 e6 17. O-O d5 18. Nxb6 Nxb6 19. e5 Rd8 20. b3 Bf8 21. Ne2 a4 22.
Ng3 Ba6 23. Bxa6 Rxa6 24. Qe2 c5 25. Qb5 c4 26. bxa4 Qa8 27. a5 c3 28. Qd3 Rc8
29. f5 exf5 30. Nxh5 Rxa5 31. Nf6+ Kg7 32. Rxa5 Qxa5 33. h5 Nc4 34. Bf4 Bb4 35.
hxg6 fxg6 36. e6 Be7 37. Qe2 Qb6 38. Be5 Qxe6 39. Qh2 Nxe5 40. Qh7+ Kf8 41.
dxe5 Bxf6 42. gxf6 Qf7 43. Qh8+ Qg8 44. Qh4 Rc4 45. Qh6+ Kf7 46. Ra1 Ke6 47.
Ra7 Rg4+ 48. Kf2 Kxe5 49. f7 Qb8 50. Qg7+ Kf4 51. Qh6+ Ke5 52. Re7+ Kd4 53.
Qe3+ Kc4 54. Qd3+ Kb4 55. Rb7+ Qxb7 56. f8=Q+ Ka4 57. Qe8+ Kb4 58. Qe5 Rc4 59.
Qd6+ Kb5 60. Q6xd5+ Qxd5 61. Qxd5+ Rc5 62. Qb7+ Kc4 63. Qa6+ Kd4 64. Qxg6 Ke5
65. Qe8+ Kd4 66. Kf3 Rd5 67. Qc6 Rc5 68. Qa4+ Rc4 69. Qd7+ Ke5 70. Qb5+ Kd4 71.
Qxf5 1-0

[Event "I Torneo Chiuso"]
[Site "Maranello ITA"]
[Date "2013.06.21"]
[Round "7"]
[White "Vijayalakshmi, Subbaraman"]
[Black "Lettieri, Giuseppe"]
[Result "1-0"]
[WhiteElo "2378"]
[BlackElo "2393"]
[PlyCount "80"]
[EventDate "2013.06.17"]

1. d4 Nf6 2. c4 e6 3. Nc3 Bb4 4. Qc2 O-O 5. a3 Bxc3+ 6. Qxc3 b6 7. Bg5 Bb7 8.
e3 d6 9. f3 Nbd7 10. Bd3 c5 11. Ne2 Rc8 12. O-O h6 13. Bh4 cxd4 14. Nxd4 d5 15.
Nb5 dxc4 16. Be2 Ba6 17. a4 Bxb5 18. axb5 Nd5 19. Qd4 g5 20. Bf2 c3 21. Rxa7
Nc5 22. Ra3 Ra8 23. Rxa8 Qxa8 24. bxc3 Nb3 25. Qd3 Qa2 26. c4 Nc5 27. Qd4 Nb4
28. Bd1 Nbd3 29. Bg3 Qd2 30. f4 f5 31. Be1 Qc1 32. Bc3 e5 33. fxe5 Ne4 34. Qxd3
Qxc3 35. Qxc3 Nxc3 36. Bf3 Re8 37. Rc1 Na2 38. Bd5+ Kf8 39. Ra1 Nb4 40. e6 Rd8
1-0

[Event "I Torneo Chiuso"]
[Site "Maranello ITA"]
[Date "2013.06.22"]
[Round "8"]
[White "Le Ruyet, Leopold"]
[Black "Lettieri, Giuseppe"]
[Result "1-0"]
[WhiteElo "2269"]
[BlackElo "2393"]
[PlyCount "91"]
[EventDate "2013.06.17"]

1. e4 d5 2. exd5 Qxd5 3. Nc3 Qa5 4. d4 c6 5. Nf3 Bf5 6. Bc4 e6 7. Ne5 Nf6 8. g4
Be4 9. O-O Bd5 10. Bd3 Nbd7 11. f4 Qb6 12. Be3 Qxb2 13. Ne2 Nxe5 14. fxe5 Nxg4
15. Bd2 Nxe5 16. Bc3 Qb6 17. Rb1 Qd8 18. dxe5 Bc5+ 19. Rf2 Bxf2+ 20. Kxf2 Qh4+
21. Kg1 Qh3 22. Qf1 Qxf1+ 23. Kxf1 c5 24. Nf4 Bc6 25. Nh5 Bf3 26. Nxg7+ Kf8 27.
Kf2 Bg4 28. h3 Kxg7 29. hxg4 b6 30. Rh1 Rad8 31. Ke2 h6 32. Rh5 Rd5 33. Be4 Rd7
34. Be1 Rd4 35. Ke3 Rg8 36. Bh4 Ra4 37. Be7 f5 38. exf6+ Kf7 39. Rxh6 Rxe4+ 40.
Kxe4 Rxg4+ 41. Ke5 Rg5+ 42. Kd6 Rd5+ 43. Kc6 Rd2 44. Rh7+ Ke8 45. Bd6 Rf2 46.
Re7+ 1-0

[Event "I Torneo Chiuso"]
[Site "Maranello ITA"]
[Date "2013.06.22"]
[Round "8"]
[White "Sochacki, Wojtek"]
[Black "Di Paolo, Raffaele"]
[Result "1-0"]
[WhiteElo "2286"]
[BlackElo "2289"]
[PlyCount "121"]
[EventDate "2013.06.17"]

1. e4 c5 2. Nf3 Nc6 3. d4 cxd4 4. Nxd4 Qc7 5. Nc3 e6 6. Be2 a6 7. Be3 Nf6 8.
O-O Bb4 9. Na4 Be7 10. Nxc6 bxc6 11. Nb6 Rb8 12. Nxc8 Qxc8 13. Bd4 O-O 14. e5
Nd5 15. b3 f5 16. exf6 Bxf6 17. Bxf6 Rxf6 18. c4 Nc3 19. Qc2 Nxe2+ 20. Qxe2 Qc7
21. Rad1 a5 22. Rd3 Rbf8 23. f3 Rd8 24. Re1 a4 25. g3 axb3 26. axb3 Qa5 27. Kg2
Rf7 28. Red1 Qb4 29. Qe3 Qb7 30. Rd6 Rdf8 31. f4 g5 32. f5 c5+ 33. Kg1 Rxf5 34.
Rxd7 Qa6 35. R7d6 Rf1+ 36. Kg2 Qa2+ 37. Kh3 R1f6 38. Rxe6 Qb2 39. Qxg5+ Kh8 40.
Rxf6 Qxf6 41. Qxf6+ Rxf6 42. Rd5 Rc6 43. Rd7 Rb6 44. Rc7 Rxb3 45. Rxc5 Kg7 46.
Rc7+ Kg6 47. Kg4 Rb2 48. Rc6+ Kg7 49. h4 Rb3 50. Kf4 h5 51. g4 hxg4 52. Kxg4
Rb1 53. h5 Rf1 54. h6+ Kh7 55. Kg5 Rf2 56. Rc7+ Kh8 57. Kg6 Rg2+ 58. Kf5 Rh2
59. Rc6 Re2 60. c5 Kh7 61. Re6 1-0

[Event "I Torneo Chiuso"]
[Site "Maranello ITA"]
[Date "2013.06.22"]
[Round "8"]
[White "Petkov, Vladimir"]
[Black "Luciani, Valerio"]
[Result "1/2-1/2"]
[WhiteElo "2545"]
[BlackElo "2239"]
[PlyCount "179"]
[EventDate "2013.06.17"]

1. d4 f5 2. g3 Nf6 3. Bg2 g6 4. c3 Bg7 5. Qb3 c6 6. Nd2 d6 7. Ngf3 Qb6 8. Nc4
Qxb3 9. axb3 Na6 10. O-O O-O 11. Nfd2 Nd7 12. Na5 Nb6 13. e4 fxe4 14. Nxe4 d5
15. Nd2 e5 16. dxe5 Bxe5 17. Nf3 Bf6 18. Bf4 Rd8 19. b4 d4 20. b5 cxb5 21. Nxd4
Nd5 22. Nxb5 Nxf4 23. gxf4 Nc5 24. Rfd1 Bf5 25. Nxb7 Rxd1+ 26. Rxd1 Rb8 27.
N5d6 Nxb7 28. Bxb7 Be6 29. Re1 Bf7 30. Re2 a5 31. Bf3 a4 32. Kg2 Bb3 33. Ne4
Be7 34. Nd2 Kf8 35. Nxb3 Rxb3 36. Bd5 Rb6 37. Kf3 Bf6 38. f5 Rb5 39. Be6 gxf5
40. Kf4 a3 41. bxa3 Bxc3 42. Bxf5 Ra5 43. Bxh7 Rxa3 44. Kg4 Ra4+ 45. f4 Rd4 46.
h4 Bd2 47. Be4 Bb4 48. h5 Kg7 49. Kf5 Rd6 50. Kg5 Bc3 51. Rc2 Bf6+ 52. Kf5 Bd4
53. Rc7+ Kh6 54. Kg4 Bg7 55. Re7 Rf6 56. Bd5 Bf8 57. Rb7 Rd6 58. Rf7 Bg7 59.
Rf5 Rf6 60. Rg5 Rd6 61. Kf3 Rf6 62. Rg1 Bf8 63. Ke4 Bg7 64. Rc1 Rd6 65. Rc7 Rf6
66. Rd7 Rb6 67. f5 Rf6 68. Be6 Bf8 69. Kd5 Bg7 70. Rd6 Bf8 71. Rb6 Bg7 72. Rb1
Bf8 73. Rg1 Bg7 74. Kd6 Bf8+ 75. Kd7 Kxh5 76. Kc6 Bb4 77. Kd5 Bc3 78. Ke4 Rf8
79. Rg2 Kh6 80. Kf4 Bf6 81. Bg8 Bd8 82. Rg6+ Kh5 83. Ke5 Re8+ 84. Kd6 Rf8 85.
Ke6 Re8+ 86. Kf7 Re5 87. f6 Rf5 88. Kg7 Bxf6+ 89. Rxf6 Rxf6 90. Kxf6 1/2-1/2

[Event "I Torneo Chiuso"]
[Site "Maranello ITA"]
[Date "2013.06.22"]
[Round "8"]
[White "Sriram, Jha"]
[Black "Viviani, Alessio"]
[Result "1-0"]
[WhiteElo "2417"]
[BlackElo "2114"]
[PlyCount "79"]
[EventDate "2013.06.17"]

1. d4 Nf6 2. c4 g6 3. Nc3 Bg7 4. e4 d6 5. f3 O-O 6. Be3 Nc6 7. Nge2 a6 8. Qd2
Rb8 9. Rc1 Bd7 10. Nd1 b5 11. c5 dxc5 12. Rxc5 e6 13. g3 Ne8 14. Bg2 e5 15. d5
Ne7 16. O-O Nd6 17. b3 f5 18. Nf2 Nb7 19. Rc2 c6 20. dxc6 Bxc6 21. Qc1 Qe8 22.
Bg5 Bf6 23. Bh6 Rf7 24. Nd3 Nd6 25. Nc5 Rb6 26. Rd1 Ba8 27. Be3 Rc6 28. Bf2 Qc8
29. exf5 gxf5 30. Rcd2 Qb8 31. Qa3 Nec8 32. Nxa6 Rxa6 33. Qxa6 Bb7 34. Qa3 Be7
35. Bc5 Rf6 36. Nc3 Qc7 37. Nd5 Bxd5 38. Rxd5 f4 39. Qc1 fxg3 40. hxg3 1-0

[Event "I Torneo Chiuso"]
[Site "Maranello ITA"]
[Date "2013.06.23"]
[Round "9"]
[White "Viviani, Alessio"]
[Black "Le Ruyet, Leopold"]
[Result "1-0"]
[WhiteElo "2114"]
[BlackElo "2269"]
[PlyCount "85"]
[EventDate "2013.06.17"]

1. d4 d5 2. c4 e6 3. Nc3 c5 4. e3 Nf6 5. Nf3 Nc6 6. a3 dxc4 7. Bxc4 cxd4 8.
exd4 Be7 9. O-O O-O 10. Be3 a6 11. Rc1 Nd5 12. Bxd5 exd5 13. Ne5 Nxe5 14. dxe5
Be6 15. Na4 Rc8 16. Rxc8 Qxc8 17. Qd4 f6 18. Rc1 Qb8 19. Bf4 Rc8 20. Rxc8+ Qxc8
21. Nc3 Qc4 22. Be3 Kf7 23. Qxc4 dxc4 24. Bd4 fxe5 25. Bxe5 b5 26. Kf1 Bf6 27.
Bxf6 Kxf6 28. Ke2 Ke5 29. Ke3 Bd7 30. f4+ Kd6 31. Kd4 Bf5 32. Nd1 a5 33. Ne3
Be6 34. f5 Bf7 35. g4 h6 36. h4 Ke7 37. Kc5 Kf6 38. Kxb5 Ke5 39. Nxc4+ Kf4 40.
Nd6 Bb3 41. g5 h5 42. f6 Kg4 43. Nc4 1-0